|
|
|
|
| LEADER |
01091nam a2200313 4500 |
| 001 |
c000319717 |
| 003 |
CARM |
| 005 |
00000000000000.0 |
| 008 |
740923s1974 enkabe bs 00110 eng |
| 010 |
|
|
|a 74180563 //r942
|
| 015 |
|
|
|a GB74-15279
|
| 019 |
1 |
|
|a 340714
|5 LACONCORD2021
|
| 020 |
|
|
|a 0333135466
|
| 035 |
|
|
|a (OCoLC)1092069
|5 LACONCORD2021
|
| 043 |
|
|
|a e-gw---
|
| 050 |
0 |
0 |
|a HC286.6
|b .B86 1974
|
| 082 |
0 |
0 |
|a 330.9/43/087
|
| 100 |
1 |
|
|a Burtenshaw, David.
|
| 245 |
1 |
0 |
|a Economic geography of West Germany
|c [by] D. Burtenshaw.
|
| 260 |
|
|
|a London,
|b Macmillan,
|c 1974.
|
| 300 |
|
|
|a vii, 247 p.
|b illus., maps, plans.
|c 22 cm.
|
| 500 |
|
|
|a Includes index.
|
| 504 |
|
|
|a Bibliography: p. 230-239.
|
| 650 |
|
0 |
|a Industries
|z Germany (West)
|
| 650 |
|
0 |
|a Regional planning
|z Germany (West)
|
| 651 |
|
0 |
|a Germany (West)
|x Economic conditions.
|
| 852 |
8 |
|
|b CARM
|h A1:AL34B0
|i B10212
|p 0460404
|f BK
|
| 999 |
f |
f |
|i 4e165ce8-6ea8-50d3-b846-df9a23220027
|s d6a4ed28-2838-5383-8d38-5d48d8238373
|
| 952 |
f |
f |
|p Can circulate
|a CAVAL
|b CAVAL
|c CAVAL
|d CARM 1 Store
|e B10212
|f A1:AL34B0
|h Other scheme
|i book
|m 0460404
|